| 000 | 00926cam a2200301 i 4500 | ||
|---|---|---|---|
| 001 | 25716 | ||
| 003 | Mx-PuUPA | ||
| 005 | 20250619073858.0 | ||
| 008 | 140415s1940 sp gr 000 0 spa d | ||
| 017 | _aM. 24.837-1972 | ||
| 040 |
_aMx-PuUPA _bspa _cMx-PuUPA _dMx-PuUPA _erda |
||
| 041 | 1 |
_aspa _hfre |
|
| 100 | 1 |
_aChesterton, G. K. _eautor |
|
| 245 | 1 | 3 |
_aLa esfera y la cruz / _cG. K. Chesterton |
| 250 | _aSexta edición | ||
| 264 | 1 |
_aMadrid : _bEspasa-Calpe, _c1940 |
|
| 300 |
_a230 páginas ; _c18 cm |
||
| 336 |
_2rdacontent _atexto _btxt |
||
| 337 |
_2rdamedia _asin medio _bn |
||
| 338 |
_2rdacarrier _avolumen _bnc |
||
| 490 | 0 |
_aColección Austral ; _v125 |
|
| 650 | 7 |
_2armarc _913986 _aLiteratura inglesa |
|
| 650 | 7 |
_2armarc _aNovela policiaca |
|
| 650 | 7 |
_2armarc _aAmistad masculina _vNovela |
|
| 651 | 4 |
_aEscocia _vNovela |
|
| 942 |
_2ddc _cLI _h823.912 _iC5 |
||
| 999 |
_c25716 _d25716 |
||